Sports Quiz

Random Sports or Typing Quiz
Score 0/44 Timer 01:00
0 Plays Today
Hint Answer % Correct
????
100%
????
97.7%
????
96.3%
????
95.3%
????
95.1%
????
94.4%
????
93.2%
????
92.2%
????
90.1%
????
88.3%
????
87%
????
85%
????
83.5%
????
81.1%
????
78.6%
????
74.3%
????
70.2%
????
66.5%
????
64.2%
????
59.3%
????
55.8%
????
52.1%
Hint Answer % Correct
????
48.4%
????
45.5%
????
42.2%
????
39.1%
????
36.8%
????
34%
????
31.5%
????
30.9%
????
29.2%
????
27.6%
????
26.5%
????
23.9%
????
22.6%
????
20.6%
????
18.7%
????
16.7%
????
13.2%
????
10.7%
????
7.4%
????
6%
????
3.9%
????
2.5%

You're not logged in!

Compare scores with friends on all Sporcle quizzes.
OR
Log In

Sporcle TV

Today on Sporcle TV


Watch our educational content, quiz creation guides, and fun videos on Sporcle TV.

Show Comments

Extras

Top Quizzes Today


Score Distribution

Paid Content

Your Account Isn't Verified!

In order to create a playlist on Sporcle, you need to verify the email address you used during registration. Go to your Sporcle Settings to finish the process.

Report this User

Report this user for behavior that violates our Community Guidelines.

Details: